| 000 | 00474nam a2200169Ia 4500 | ||
|---|---|---|---|
| 003 | OSt | ||
| 005 | 20210107143704.0 | ||
| 008 | 190216s9999||||xx |||||||||||||| ||und|| | ||
| 040 | _coclc | ||
| 082 |
_a894.8128 _bBAS/K |
||
| 100 |
_aBasheer, M M _97277 |
||
| 245 | 0 |
_aM T Kathayum Porulum / _cM M Basheer |
|
| 260 |
_bCurrent Books, _aThrissur: _c1996. |
||
| 300 | _a520p | ||
| 650 | _aPadanam | ||
| 942 |
_cBK _2ddc _h894.8128 _iBAS/K _k894.8128 _mBAS/K |
||
| 999 |
_c27573 _d27573 |
||